[Event "Bundesliga 2223"]
[Site "Germany"]
[Date "2023.04.02"]
[Round "13.5"]
[White "Hoenig, Alexander"]
[Black "Lindgren, Philip"]
[Result "1/2-1/2"]
[WhiteElo "2214"]
[BlackElo "2382"]
[PlyCount "57"]
[EventDate "2022.10.21"]
[EventType "team-tourn"]
[EventRounds "15"]
[EventCountry "GER"]
[SourceTitle "CBM 213 Extra"]
[Source "ChessBase"]
[SourceDate "2023.05.31"]
[SourceVersion "1"]
[SourceVersionDate "2023.05.31"]
[SourceQuality "1"]
[WhiteTeam "Muelheim Nord"]
[BlackTeam "Bayern Muenchen"]
[WhiteTeamCountry "GER"]
[BlackTeamCountry "GER"]

1. d4 Nf6 2. Nf3 d5 3. c3 Bg4 4. Qb3 Qc8 5. Bg5 Nbd7 6. e3 Bxf3 7. gxf3 g6 8. Bh3 e6 9. Bxf6 Nxf6 10. c4 dxc4 11. Qxc4 Bg7 12. Nc3 0-0 13. Ne4 Nxe4 14. fxe4 Qd8 15. 0-0 e5 16. Rad1 exd4 17. exd4 c6 18. Bg2 Qh4 19. Qc3 Rad8 20. f4 Rd7 21. e5 Rfd8 22. Bh3 Rd5 23. Bg2 R5d7 24. Bh3 Rd5 25. Bg2 R5d7 26. Bh3 Re7 27. Qg3 Red7 28. Qc3 Rd5 29. Bg2 1/2-1/2

[Event "BL2-West 2223"]
[Site "Germany"]
[Date "2023.02.04"]
[Round "5.6"]
[White "Roshka, Yevgeniy"]
[Black "Hoenig, Alexander"]
[Result "1-0"]
[WhiteElo "2507"]
[BlackElo "2214"]
[PlyCount "127"]
[EventDate "2022.10.22"]
[EventType "team-tourn"]
[EventRounds "10"]
[EventCountry "GER"]
[SourceTitle "EXT 2024"]
[Source "ChessBase"]
[SourceDate "2023.10.10"]
[SourceVersion "1"]
[SourceVersionDate "2023.10.10"]
[SourceQuality "1"]
[WhiteTeam "Siegburg"]
[BlackTeam "Muelheim Nord II"]
[WhiteTeamCountry "GER"]
[BlackTeamCountry "GER"]

1. d4 d5 2. c4 c6 3. Nf3 Nf6 4. Qc2 dxc4 5. Qxc4 Qd5 6. Qa4 Bf5 7. Nc3 Qd8 8. Nh4 Be6 9. g3 Nbd7 10. Bg2 Nb6 11. Qd1 Bc4 12. b3 Ba6 13. Ba3 Nbd5 14. Qd2 Qa5 15. Na4 Qxd2+ 16. Kxd2 0-0-0 17. Rhd1 Nb6 18. Nxb6+ axb6 19. Ke1 e6 20. Bxf8 Rhxf8 21. Rac1 Rd6 22. Nf3 Kd8 23. Ne5 Nd7 24. Nxd7 Kxd7 25. f4 Ke7 26. Rd2 Rfd8 27. Rcd1 f6 28. e3 R8d7 29. Bf3 c5 30. d5 e5 31. Bg4 Rd8 32. e4 Bb5 33. Rf2 Bd7 34. Bxd7 R6xd7 35. fxe5 fxe5 36. Rf5 Kd6 37. a4 Ra8 38. Rc1 b5 39. axb5 Ra5 40. Kd2 Rxb5 41. Rf3 b6 42. Rc4 Ra7 43. Rfc3 Ra2+ 44. Rc2 Rba5 45. b4 Rxc2+ 46. Kxc2 Ra7 47. bxc5+ bxc5 48. Kb3 Rb7+ 49. Kc3 Rf7 50. Ra4 Rf3+ 51. Kb2 Rf2+ 52. Kc3 Rxh2 53. Ra6+ Kd7 54. Re6 Rh3 55. Rxe5 Rxg3+ 56. Kc4 Rg1 57. Kxc5 g6 58. Re6 h5 59. Ra6 h4 60. Ra7+ Kd8 61. e5 Ke8 62. e6 h3 63. Rh7 Rg3 64. e7 1-0

[Event "BL2-West 2223"]
[Site "Germany"]
[Date "2022.10.23"]
[Round "2.6"]
[White "Hoenig, Alexander"]
[Black "Piceu, Tom"]
[Result "0-1"]
[WhiteElo "2214"]
[BlackElo "2324"]
[PlyCount "58"]
[EventDate "2022.10.22"]
[EventType "team-tourn"]
[EventRounds "10"]
[EventCountry "GER"]
[SourceTitle "EXT 2024"]
[Source "ChessBase"]
[SourceDate "2023.10.10"]
[SourceVersion "1"]
[SourceVersionDate "2023.10.10"]
[SourceQuality "1"]
[WhiteTeam "Muelheim Nord II"]
[BlackTeam "Aachen SV"]
[WhiteTeamCountry "GER"]
[BlackTeamCountry "GER"]

1. d4 d5 2. Nf3 c5 3. c3 Nc6 4. dxc5 a5 5. Na3 e5 6. Nb5 Nf6 7. Bg5 Be6 8. Bxf6 gxf6 9. Nd6+ Bxd6 10. cxd6 Qxd6 11. e4 0-0-0 12. exd5 Bxd5 13. Be2 Rhg8 14. 0-0 Qe6 15. Ng5 Rxg5 16. Bf3 e4 17. Be2 Qh3 18. g3 e3 19. Bf3 Ne5 20. Bxd5 Ng4 21. Bxb7+ Kc7 22. Qxg4 Qxg4 23. Bg2 e2 24. Rfe1 Rd1 25. f3 Qd7 26. Kf2 Qd2 27. Rxe2 Qxe2+ 28. Kxe2 Rxa1 29. f4 Rh5 0-1

[Event "Bundesliga 2122"]
[Site "Germany"]
[Date "2022.03.06"]
[Round "2.8"]
[White "Doettling, Fabian"]
[Black "Hoenig, Alexander"]
[Result "1-0"]
[WhiteElo "2587"]
[BlackElo "2209"]
[PlyCount "71"]
[EventDate "2022.03.05"]
[EventType "team-tourn"]
[EventRounds "15"]
[EventCountry "GER"]
[SourceTitle "EXT 2023"]
[Source "ChessBase"]
[SourceDate "2022.10.05"]
[SourceVersion "1"]
[SourceVersionDate "2022.10.05"]
[SourceQuality "1"]
[WhiteTeam "Baden-Baden"]
[BlackTeam "Muelheim Nord"]
[WhiteTeamCountry "GER"]
[BlackTeamCountry "GER"]

1. d4 d5 2. c4 c6 3. Nf3 Nf6 4. e3 a6 5. Nc3 e6 6. Qc2 Nbd7 7. b3 b6 8. Bd3 Bb7 9. 0-0 Bb4 10. Bb2 Qe7 11. a3 dxc4 12. bxc4 Bxc3 13. Qxc3 c5 14. Nd2 0-0 15. a4 a5 16. Rfd1 Rfe8 17. Bf1 e5 18. d5 e4 19. Rab1 Qd6 20. h3 Re5 21. Qb3 Rg5 22. Bxf6 gxf6 23. Nxe4 Qe5 24. Nxg5 Qxg5 25. Qc2 Kh8 26. f4 Qh6 27. Bd3 Rg8 28. Bf5 Bc8 29. Qf2 Qh5 30. e4 b5 31. cxb5 Nb6 32. Bxc8 Rxc8 33. Rdc1 Nxa4 34. b6 Qh6 35. b7 Rb8 36. Rc4 1-0

[Event "Oberliga NRW 2122"]
[Site "Germany"]
[Date "2021.11.28"]
[Round "2.4"]
[White "Hoenig, Alexander"]
[Black "Wessendorf, Thomas"]
[Result "1/2-1/2"]
[WhiteElo "2209"]
[BlackElo "2247"]
[PlyCount "64"]
[EventDate "2021.10.31"]
[EventType "team-tourn"]
[EventRounds "9"]
[EventCountry "GER"]
[SourceTitle "EXT 2023"]
[Source "ChessBase"]
[SourceDate "2022.10.05"]
[SourceVersion "1"]
[SourceVersionDate "2022.10.05"]
[SourceQuality "1"]
[WhiteTeam "Muelheim Nord II"]
[BlackTeam "Essen Katernberg"]
[WhiteTeamCountry "GER"]
[BlackTeamCountry "GER"]

1. d4 Nf6 2. c4 e6 3. Nf3 c5 4. d5 exd5 5. cxd5 d6 6. Nc3 g6 7. e4 Bg7 8. Bb5+ Bd7 9. Bxd7+ Nbxd7 10. 0-0 0-0 11. Bf4 Re8 12. Qc2 Nb6 13. h3 Qd7 14. Rfe1 Nc4 15. Qb3 b5 16. Nxb5 Na5 17. Qa4 a6 18. Nc3 Qxa4 19. Nxa4 Rxe4 20. Rxe4 Nxe4 21. Re1 f5 22. b3 Rd8 23. Ng5 Nxg5 24. Bxg5 Rb8 25. Bd2 Nb7 26. Nb6 Kf7 27. Kf1 Re8 28. Nd7 Rd8 29. Nb6 Bf6 30. Nc4 Re8 31. Na5 Nxa5 32. Bxa5 Be5 1/2-1/2

[Event "Bundesliga 1920"]
[Site "Germany"]
[Date "2021.10.15"]
[Round "11.7"]
[White "Hoenig, Alexander"]
[Black "Zaragatski, Ilja"]
[Result "1/2-1/2"]
[WhiteElo "2200"]
[BlackElo "2503"]
[PlyCount "80"]
[EventDate "2019.11.23"]
[EventType "team-tourn"]
[EventRounds "15"]
[EventCountry "GER"]
[SourceTitle "EXT 2022"]
[Source "ChessBase"]
[SourceDate "2021.10.06"]
[SourceVersion "1"]
[SourceVersionDate "2021.10.06"]
[SourceQuality "1"]
[WhiteTeam "Muelheim Nord"]
[BlackTeam "Viernheim"]
[WhiteTeamCountry "GER"]
[BlackTeamCountry "GER"]

1. d4 Nf6 2. Nf3 c5 3. c3 d5 4. Bf4 Nc6 5. dxc5 e6 6. Nbd2 Bxc5 7. e3 0-0 8. Be2 Qe7 9. b4 Bb6 10. b5 Na5 11. 0-0 Ne4 12. Nxe4 dxe4 13. Bd6 Qf6 14. Nd2 Rd8 15. Bb4 e5 16. Qc2 Qg6 17. Rfd1 Bh3 18. g3 a6 19. Qa4 Bd7 20. Bxa5 axb5 21. Qxe4 Bxa5 22. Qxg6 hxg6 23. Rac1 Bc6 24. Nb3 Rxd1+ 25. Bxd1 Bc7 26. Rc2 Kf8 27. Rd2 Ke7 28. h4 Bd6 29. f4 b4 30. c4 Bc7 31. Kf2 exf4 32. exf4 Bb6+ 33. c5 Ba7 34. Bf3 Rc8 35. Rd4 Bxf3 36. Kxf3 Bxc5 37. Nxc5 Rxc5 38. Rxb4 b5 39. a4 bxa4 40. Rxa4 Rc3+ 1/2-1/2

[Event "Oberliga NRW 1920"]
[Site "Germany"]
[Date "2020.03.08"]
[Round "7.2"]
[White "Hoenig, Alexander"]
[Black "Welzel, Philipp"]
[Result "1/2-1/2"]
[WhiteElo "2182"]
[BlackElo "2252"]
[PlyCount "86"]
[EventDate "2019.09.15"]
[EventType "team-tourn"]
[EventRounds "9"]
[EventCountry "GER"]
[SourceTitle "EXT 2022"]
[Source "ChessBase"]
[SourceDate "2021.10.06"]
[SourceVersion "1"]
[SourceVersionDate "2021.10.06"]
[SourceQuality "1"]
[WhiteTeam "Muelheim Nord II"]
[BlackTeam "Dinslaken"]
[WhiteTeamCountry "GER"]
[BlackTeamCountry "GER"]

1. d4 d5 2. Nf3 Nf6 3. Bf4 e6 4. Nbd2 Bd6 5. Bg3 0-0 6. e3 b6 7. Ne5 c5 8. c3 Bb7 9. Bd3 Nc6 10. Qf3 Qc7 11. Nxc6 Bxc6 12. Bxd6 Qxd6 13. Qg3 Qxg3 14. hxg3 h6 15. f4 Rfc8 16. Nf3 Be8 17. Ke2 a5 18. a3 c4 19. Bc2 b5 20. Nd2 Bc6 21. Kf3 Kf8 22. g4 Ke7 23. g5 hxg5 24. fxg5 Nd7 25. Rh7 Rg8 26. e4 dxe4+ 27. Bxe4 Bd5 28. Bxd5 exd5 29. Re1+ Kd6 30. Kg4 Nf8 31. Rh3 Ng6 32. Rhe3 b4 33. axb4 axb4 34. b3 Ra2 35. R1e2 cxb3 36. cxb4 Rc8 37. Nxb3 Rxe2 38. Rxe2 Rc4 39. b5 Rb4 40. Re3 Rxb5 41. Nd2 Rb4 42. Nf3 Nf8 43. Ra3 Ne6 1/2-1/2

[Event "Oberliga NRW 1920"]
[Site "Germany"]
[Date "2019.12.15"]
[Round "4.6"]
[White "Hoenig, Alexander"]
[Black "Bee, Marcus"]
[Result "0-1"]
[WhiteElo "2182"]
[BlackElo "2169"]
[PlyCount "50"]
[EventDate "2019.09.15"]
[EventType "team-tourn"]
[EventRounds "9"]
[EventCountry "GER"]
[SourceTitle "EXT 2022"]
[Source "ChessBase"]
[SourceDate "2021.10.06"]
[SourceVersion "1"]
[SourceVersionDate "2021.10.06"]
[SourceQuality "1"]
[WhiteTeam "Muelheim Nord II"]
[BlackTeam "Essen Katernberg"]
[WhiteTeamCountry "GER"]
[BlackTeamCountry "GER"]

1. d4 g6 2. e4 Bg7 3. c4 d6 4. Nc3 e5 5. Nge2 Nc6 6. Be3 exd4 7. Nxd4 Nge7 8. Qd2 0-0 9. Nxc6 Nxc6 10. Be2 f5 11. Bg5 Qe8 12. exf5 Bxf5 13. 0-0 Nd4 14. Rae1 Qf7 15. b3 Rae8 16. Bd1 Bd7 17. a4 a6 18. Ne2 Ne6 19. Be3 Nc5 20. Bxc5 dxc5 21. Nc3 Rxe1 22. Qxe1 Bc6 23. Bg4 Re8 24. Qd2 Bd4 25. Re1 Qxf2+ 0-1

[Event "Bundesliga 1920"]
[Site "Germany"]
[Date "2019.12.08"]
[Round "4.4"]
[White "Movsesian, Sergei"]
[Black "Hoenig, Alexander"]
[Result "1-0"]
[WhiteElo "2640"]
[BlackElo "2200"]
[PlyCount "90"]
[EventDate "2019.11.23"]
[EventType "team-tourn"]
[EventRounds "15"]
[EventCountry "GER"]
[SourceTitle "CBM 193 Extra"]
[Source "ChessBase"]
[SourceDate "2020.01.31"]
[SourceVersion "1"]
[SourceVersionDate "2020.01.31"]
[SourceQuality "1"]
[WhiteTeam "Baden-Baden"]
[BlackTeam "Muelheim Nord"]
[WhiteTeamCountry "GER"]
[BlackTeamCountry "GER"]

1. Nf3 d5 2. g3 Nf6 3. Bg2 Bf5 4. 0-0 e6 5. c4 Bxb1 6. Rxb1 c6 7. Qb3 Qb6 8. Qc2 a5 9. d3 Nbd7 10. cxd5 exd5 11. e4 dxe4 12. dxe4 Bc5 13. e5 Ng4 14. Bf4 Nf8 15. Ng5 Ng6 16. Bh3 Nxf2 17. Rxf2 Nxf4 18. gxf4 Bxf2+ 19. Qxf2 Qxf2+ 20. Kxf2 Rd8 21. Ke3 Ke7 22. Ne4 Rd5 23. Nd6 Rd8 24. Bg2 R5xd6 25. exd6+ Rxd6 26. Rc1 Rh6 27. h3 Rh5 28. b3 Kd6 29. Rd1+ Kc7 30. Rd4 Rc5 31. Rc4 Kd6 32. Kd3 Rf5 33. Rd4+ Kc7 34. Bf3 Rc5 35. Rc4 Rf5 36. Bg4 Rb5 37. Rd4 f5 38. Bf3 Rc5 39. Rc4 Kd6 40. a4 b5 41. Rxc5 Kxc5 42. Kc3 h6 43. h4 g6 44. Bg2 Kd6 45. Kd4 c5+ 1-0

[Event "NRW Class2 1819"]
[Site "Germany"]
[Date "2019.04.14"]
[Round "8.2"]
[White "Boehnke, Martin"]
[Black "Hoenig, Alexander"]
[Result "1/2-1/2"]
[WhiteElo "2163"]
[BlackElo "2155"]
[PlyCount "23"]
[EventDate "2018.09.16"]
[EventType "team-tourn"]
[EventRounds "9"]
[EventCountry "GER"]
[SourceTitle "EXT 2022"]
[Source "ChessBase"]
[SourceDate "2021.10.06"]
[SourceVersion "1"]
[SourceVersionDate "2021.10.06"]
[SourceQuality "1"]
[WhiteTeam "Sodingen/Castrop SK"]
[BlackTeam "Duesseldorf II"]
[WhiteTeamCountry "GER"]
[BlackTeamCountry "GER"]

1. d4 Nf6 2. c4 e6 3. g3 d5 4. Bg2 c6 5. Nf3 Nbd7 6. Qc2 Bd6 7. 0-0 0-0 8. Nbd2 Qe7 9. b3 e5 10. dxe5 Nxe5 11. Bb2 dxc4 12. Nxc4 1/2-1/2

[Event "NRW Class2 1819"]
[Site "Germany"]
[Date "2019.03.17"]
[Round "7.4"]
[White "Hoenig, Alexander"]
[Black "Lindam, Ingo"]
[Result "1-0"]
[WhiteElo "2155"]
[BlackElo "2123"]
[PlyCount "95"]
[EventDate "2018.09.16"]
[EventType "team-tourn"]
[EventRounds "9"]
[EventCountry "GER"]
[SourceTitle "EXT 2022"]
[Source "ChessBase"]
[SourceDate "2021.10.06"]
[SourceVersion "1"]
[SourceVersionDate "2021.10.06"]
[SourceQuality "1"]
[WhiteTeam "Duesseldorf II"]
[BlackTeam "Koeln Lasker"]
[WhiteTeamCountry "GER"]
[BlackTeamCountry "GER"]

1. d4 Nf6 2. c4 g6 3. Nc3 Bg7 4. e4 d6 5. f3 0-0 6. Be3 c5 7. Nge2 Nc6 8. Qd2 Qa5 9. 0-0-0 a6 10. Kb1 b5 11. dxc5 dxc5 12. Nd5 b4 13. Nc1 Nxd5 14. Qxd5 Rd8 15. Qxc6 Rxd1 16. Qxa8 Qc7 17. Kc2 Rd8 18. Nd3 Qa5 19. Kb1 Be6 20. Qc6 Bxc4 21. Nc1 Bxa2+ 22. Nxa2 b3 23. Nc1 Rd1 24. Qe8+ Bf8 25. Qxf7+ Kxf7 26. Bc4+ Ke8 27. Rxd1 Qb4 28. Bxa6 Bg7 29. Rd5 c4 30. Bb5+ Kf7 31. Rc5 c3 32. bxc3 Bxc3 33. Bc4+ Kg7 34. Nxb3 Bf6 35. Bd2 Qb8 36. f4 Bd4 37. Rd5 Bb6 38. Rd7 Bc5 39. Kc2 Ba3 40. Nd4 Qb2+ 41. Kd3 Qb1+ 42. Ke3 Bc5 43. Kf3 Kh6 44. f5+ g5 45. Ne6 Qg1 46. Bxg5+ Kh5 47. Rd2 Qh1 48. h4 1-0

[Event "NRW Class1 1718"]
[Site "Germany"]
[Date "2018.02.18"]
[Round "6.6"]
[White "Gramb, Marius"]
[Black "Hoenig, Alexander"]
[Result "1/2-1/2"]
[WhiteElo "2072"]
[BlackElo "2133"]
[PlyCount "136"]
[EventDate "2017.09.17"]
[EventType "team-tourn"]
[EventRounds "9"]
[EventCountry "GER"]
[SourceTitle "EXT 2019"]
[Source "ChessBase"]
[SourceDate "2018.10.10"]
[SourceVersion "1"]
[SourceVersionDate "2018.10.10"]
[SourceQuality "1"]
[WhiteTeam "Bruehl"]
[BlackTeam "Duesseldorf II"]
[WhiteTeamCountry "GER"]
[BlackTeamCountry "GER"]

1. d4 d5 2. c4 c6 3. Nf3 Nf6 4. e3 a6 5. Bd3 dxc4 6. Bxc4 b5 7. Bd3 e6 8. Qc2 Bb7 9. 0-0 Nbd7 10. a4 Nd5 11. Bd2 Nb4 12. Bxb4 Bxb4 13. Be4 Rc8 14. Qb3 Bd6 15. axb5 axb5 16. Nc3 Qb6 17. Bd3 0-0 18. Ng5 h6 19. Nf3 Rfd8 20. Rfc1 Bb8 21. Be4 Nf6 22. Na4 Qc7 23. Nc5 Nxe4 24. Nxe4 Qe7 25. Nc5 Bd6 26. Ra7 Bxc5 27. Rxc5 Ra8 28. Rxa8 Rxa8 29. Rc1 c5 30. Qxb5 Bxf3 31. gxf3 cxd4 32. exd4 Qf6 33. Qc6 Ra5 34. Qc8+ Kh7 35. Qc2+ g6 36. Qc3 Rh5 37. Re1 Qf4 38. Re4 Qxh2+ 39. Kf1 Qb8 40. Re5 Rh1+ 41. Ke2 Rb1 42. Qa3 Qxb2+ 43. Qxb2 Rxb2+ 44. Ke3 h5 45. Ra5 Rb1 46. Rg5 Kh6 47. f4 Re1+ 48. Kd3 f5 49. f3 Kg7 50. Rg2 Ra1 51. Rb2 Ra3+ 52. Ke2 Ra7 53. Kf2 Kf6 54. Kg3 Ra1 55. Rd2 Ra4 56. Rd1 Ke7 57. d5 h4+ 58. Kxh4 Rxf4+ 59. Kg3 e5 60. d6+ Kd7 61. Rd5 Ra4 62. Rxe5 Kxd6 63. Re8 Kd7 64. Rg8 Ra6 65. Rg7+ Ke8 66. Kf4 Kf8 67. Rb7 Ra3 68. Rc7 Ra6 1/2-1/2

[Event "NRW Class1 1718"]
[Site "Germany"]
[Date "2017.12.17"]
[Round "4.7"]
[White "Hoenig, Alexander"]
[Black "Broehl, Stephan"]
[Result "1/2-1/2"]
[WhiteElo "2133"]
[BlackElo "2101"]
[PlyCount "152"]
[EventDate "2017.09.17"]
[EventType "team-tourn"]
[EventRounds "9"]
[EventCountry "GER"]
[SourceTitle "EXT 2019"]
[Source "ChessBase"]
[SourceDate "2018.10.10"]
[SourceVersion "1"]
[SourceVersionDate "2018.10.10"]
[SourceQuality "1"]
[WhiteTeam "Duesseldorf II"]
[BlackTeam "Niederkassel"]
[WhiteTeamCountry "GER"]
[BlackTeamCountry "GER"]

1. d4 d5 2. Nf3 Nf6 3. Bf4 c5 4. c3 Qb6 5. Qb3 Nc6 6. Nbd2 g6 7. h3 c4 8. Qxb6 axb6 9. a3 b5 10. Rc1 Bg7 11. g4 h5 12. g5 Nd7 13. Bg2 Nb6 14. e4 Be6 15. 0-0 0-0 16. Nh4 Rac8 17. Be3 dxe4 18. Nxe4 Bd5 19. f4 e6 20. Nd6 Rc7 21. Nxb5 Rd7 22. Nf3 Bxf3 23. Bxf3 Ne7 24. Bd1 Ra8 25. a4 Ned5 26. Bd2 Nxa4 27. Ra1 Nab6 28. Rxa8+ Nxa8 29. Be2 Nab6 30. Ra1 Bf8 31. Ra7 Be7 32. Kg2 Kf8 33. Kf3 Bd8 34. Bd1 Nc7 35. Rxb7 Nxb5 36. Rxd7 Nxd7 37. Ba4 Nxd4+ 38. cxd4 Nb6 39. Bb5 f6 40. gxf6 Bxf6 41. Ke4 Kf7 42. Ba5 Bd8 43. Bxb6 Bxb6 44. Bxc4 Kf6 45. b4 Bc7 46. b5 Bb6 47. Ke3 Ba7 48. Bd3 Bb6 49. Be4 Ba7 50. Bc6 Bb6 51. Ke4 Ba7 52. Be8 Bb6 53. Bd7 Ba7 54. Be8 Bb6 55. Bc6 Ba7 56. Ke3 Bb6 57. Be4 Ba7 58. Bc2 Bb6 59. Kd3 Ba7 60. Kc4 Bb6 61. Kd3 Ba7 62. Kc4 Bb6 63. d5 exd5+ 64. Kxd5 Bc7 65. Ke4 Bb6 66. Bb3 Bc7 67. Bd5 Bb6 68. Bc6 Bc7 69. Be8 Bb6 70. h4 Bc7 71. f5 gxf5+ 72. Kf3 Kg7 73. Bxh5 Kh6 74. Be8 Bd8 75. h5 Kg5 76. Ke3 Bb6+ 1/2-1/2

[Event "Oberliga NRW 1617"]
[Site "Germany"]
[Date "2016.12.11"]
[Round "4.7"]
[White "Hoenig, Alexander"]
[Black "Schwanbeck, Christoph"]
[Result "0-1"]
[WhiteElo "2198"]
[BlackElo "2124"]
[PlyCount "94"]
[EventDate "2016.09.25"]
[EventType "team-tourn"]
[EventRounds "9"]
[EventCountry "GER"]
[SourceTitle "EXT 2020"]
[Source "ChessBase"]
[SourceDate "2019.10.17"]
[SourceVersion "1"]
[SourceVersionDate "2019.10.17"]
[SourceQuality "1"]
[WhiteTeam "Dinslaken"]
[BlackTeam "Iserlohn Koenigsspringer"]
[WhiteTeamCountry "GER"]
[BlackTeamCountry "GER"]

1. d4 Nf6 2. Nf3 e6 3. Bf4 c5 4. c3 b6 5. e3 Bb7 6. Nbd2 d6 7. Bd3 cxd4 8. cxd4 Be7 9. e4 0-0 10. Qe2 Nbd7 11. h3 e5 12. Bh2 exd4 13. Nxd4 Nc5 14. Nf5 d5 15. e5 Nfe4 16. Nxe7+ Qxe7 17. 0-0 Nxd3 18. Qxd3 Nc5 19. Qd4 Rac8 20. Rfc1 Ne6 21. Qg4 Rxc1+ 22. Rxc1 Rc8 23. Rxc8+ Bxc8 24. Qa4 a6 25. Qc6 Qc5 26. Qe8+ Qf8 27. Qxf8+ Kxf8 28. Nb3 a5 29. Kf1 Ba6+ 30. Ke1 Bc4 31. Nc1 g5 32. b3 Bb5 33. f3 Nf4 34. Bxf4 gxf4 35. Ne2 Bxe2 36. Kxe2 Ke7 37. Kd3 Ke6 38. Kd4 b5 39. a3 b4 40. a4 h6 41. h4 h5 42. Kc5 Kxe5 43. Kb5 Kd6 44. Kxa5 Kc5 45. Ka6 d4 46. a5 Kc6 47. Ka7 d3 0-1

[Event "Oberliga NRW 1617"]
[Site "Germany"]
[Date "2016.09.25"]
[Round "1.6"]
[White "Hoenig, Alexander"]
[Black "Marcziter, Dmitrii"]
[Result "1/2-1/2"]
[WhiteElo "2198"]
[BlackElo "2275"]
[PlyCount "60"]
[EventDate "2016.09.25"]
[EventType "team-tourn"]
[EventRounds "9"]
[EventCountry "GER"]
[SourceTitle "EXT 2020"]
[Source "ChessBase"]
[SourceDate "2019.10.17"]
[SourceVersion "1"]
[SourceVersionDate "2019.10.17"]
[SourceQuality "1"]
[WhiteTeam "Dinslaken"]
[BlackTeam "Aachen Aufwaerts II"]
[WhiteTeamCountry "GER"]
[BlackTeamCountry "GER"]

1. d4 d5 2. Nf3 c5 3. c3 Nc6 4. dxc5 a5 5. Na3 e5 6. Nb5 Nf6 7. Be3 Be7 8. a4 0-0 9. g3 Ne4 10. Bg2 Bxc5 11. Bxc5 Nxc5 12. 0-0 Be6 13. Nd2 Qb6 14. e4 dxe4 15. Bxe4 Rad8 16. Bc2 Rd7 17. Qe2 Qd8 18. Rfd1 Qe7 19. Nc4 f6 20. Nb6 Rdd8 21. Nc4 g6 22. Rxd8 Rxd8 23. Rd1 Rxd1+ 24. Bxd1 Kg7 25. Ncd6 f5 26. Qe3 b6 27. b4 Nd7 28. Nc7 Bf7 29. Nxf7 Qxf7 30. b5 Nd8 1/2-1/2

[Event "BL2-West 1516"]
[Site "Germany"]
[Date "2016.01.31"]
[Round "6.7"]
[White "Hoenig, Alexander"]
[Black "Hoolt, Sarah"]
[Result "0-1"]
[WhiteElo "2224"]
[BlackElo "2242"]
[PlyCount "78"]
[EventDate "2015.09.20"]
[EventType "team-tourn"]
[EventRounds "9"]
[EventCountry "GER"]
[SourceTitle "EXT 2017"]
[Source "ChessBase"]
[SourceDate "2016.10.25"]
[SourceVersion "1"]
[SourceVersionDate "2016.10.25"]
[SourceQuality "1"]
[WhiteTeam "Dinslaken"]
[BlackTeam "Katernberg"]
[WhiteTeamCountry "GER"]
[BlackTeamCountry "GER"]

1. Nf3 Nf6 2. c4 c5 3. Nc3 d5 4. d4 e6 5. Bf4 a6 6. e3 Nc6 7. a3 Ne4 8. Nxe4 dxe4 9. d5 Ne7 10. Ng5 exd5 11. cxd5 Qa5+ 12. Qd2 Qxd2+ 13. Kxd2 Nxd5 14. Bc4 Be6 15. Nxe6 fxe6 16. Be5 Be7 17. Bxg7 Rg8 18. Be5 Rg5 19. Bg3 0-0-0 20. Kc2 h5 21. Rhe1 b5 22. Bf1 Rf8 23. Re2 Rgf5 24. h4 Rg8 25. Ree1 Kb7 26. Rad1 Rg4 27. Kb1 Bxh4 28. Be2 Rxg3 29. fxg3 Bxg3 30. Rf1 Nxe3 31. Rxf5 exf5 32. Rd7+ Kc6 33. Ra7 Kb6 34. Rf7 h4 35. Bh5 Nxg2 36. Rxf5 h3 37. Rf1 h2 38. Bg6 e3 39. Be4 e2 0-1

[Event "Oberliga NRW 0203 I"]
[Site "Germany"]
[Date "2003.05.04"]
[Round "9.6"]
[White "Hoenig, Alexander"]
[Black "Kramm, Olaf"]
[Result "1-0"]
[WhiteElo "2212"]
[BlackElo "1999"]
[PlyCount "153"]
[EventDate "2002.10.06"]
[EventType "team"]
[EventRounds "9"]
[EventCountry "GER"]
[SourceTitle "EXT 2004"]
[Source "ChessBase"]
[SourceDate "2003.11.25"]
[SourceVersion "1"]
[SourceVersionDate "2003.11.25"]
[SourceQuality "1"]
[WhiteTeam "Duesseldorf"]
[BlackTeam "Wiehl"]
[WhiteTeamCountry "GER"]
[BlackTeamCountry "GER"]

1. d4 g6 2. e4 Bg7 3. c4 d6 4. Nc3 Nc6 5. Be3 e5 6. d5 Nce7 7. Qd2 f5 8. f3 Nf6 9. h3 Bd7 10. Bd3 a6 11. Nge2 f4 12. Bf2 g5 13. c5 h5 14. 0-0-0 h4 15. Bc2 Nc8 16. Ba4 b5 17. cxb6 Nxb6 18. Bxd7+ Qxd7 19. Kb1 0-0 20. Rc1 Rfb8 21. Qd3 Rb7 22. Rc2 Bf8 23. Nc1 Be7 24. Nb3 a5 25. Rhc1 a4 26. Nd2 Bd8 27. Nc4 Nc8 28. Na3 Ne8 29. Qc4 Ne7 30. Ka1 Kg7 31. Nd1 Ra5 32. Qc3 Ra8 33. Qd2 Rc8 34. Rc4 c5 35. dxc6 Rxc6 36. Rxc6 Nxc6 37. Nc3 Ba5 38. Nc4 Bb4 39. Nb6 Qf7 40. Qd5 Bxc3 41. Qxf7+ Kxf7 42. Rxc3 Nd4 43. Nxa4 Rb4 44. b3 Nf6 45. Rc7+ Ke6 46. Rg7 g4 47. fxg4 Nxe4 48. Bxh4 Nc2+ 49. Kb2 Ne3 50. Nc3 Nxc3 51. Kxc3 Rb8 52. Kd3 Nxg2 53. Bf2 Kd5 54. Rg5 Rf8 55. h4 f3 56. h5 Nf4+ 57. Ke3 Kc6 58. Kxf3 Nxh5+ 59. Rf5 Nf6 60. Bh4 e4+ 61. Ke2 Nd7 62. Rxf8 Nxf8 63. a4 Nd7 64. a5 Kd5 65. g5 Ne5 66. Bg3 Ng4 67. a6 Kc6 68. Bxd6 Kb6 69. g6 Nh6 70. g7 Kxa6 71. Bf4 Ng8 72. Bd2 Kb6 73. Ke3 Kc6 74. Kxe4 Kd6 75. Kf5 Ke7 76. Kg6 Ke6 77. Bg5 1-0

[Event "Budapest FS08 IM-B"]
[Site "Budapest"]
[Date "2001.08.13"]
[Round "10"]
[White "Kahn, Evarth"]
[Black "Hoenig, Alexander"]
[Result "1-0"]
[WhiteElo "2278"]
[BlackElo "2263"]
[PlyCount "122"]
[EventDate "2001.08.04"]
[EventType "tourn"]
[EventRounds "11"]
[EventCountry "HUN"]
[EventCategory "1"]
[SourceTitle "CBM 083 Extra"]
[Source "ChessBase"]
[SourceDate "2001.09.11"]
[SourceVersion "1"]
[SourceVersionDate "2001.09.11"]
[SourceQuality "1"]

1. d4 d5 2. c4 c6 3. Nf3 Nf6 4. Nc3 a6 5. c5 Bf5 6. Qb3 Qc8 7. Bf4 Nbd7 8. h3 h6 9. e3 g5 10. Bg3 Bg7 11. Be2 Ne4 12. Nxe4 Bxe4 13. 0-0 0-0 14. h4 f6 15. Nd2 Bg6 16. e4 Bf7 17. exd5 Bxd5 18. Bc4 e6 19. Rfe1 f5 20. Bd6 Re8 21. hxg5 hxg5 22. Nf3 g4 23. Ng5 Nf8 24. Re2 Qd7 25. Rae1 Bf6 26. Nxe6 Rxe6 27. Bxd5 cxd5 28. Rxe6 Nxe6 29. Qxd5 Re8 30. Qxf5 Nf8 31. Qb1 Rxe1+ 32. Qxe1 Bxd4 33. Qe2 Qe6 34. Qd2 Bg7 35. b4 Nd7 36. a4 Nf6 37. Bf4 Nd5 38. Bg3 Bh6 39. Qd4 Bg7 40. Qc4 Kf7 41. b5 axb5 42. axb5 Nf6 43. Qf4 Qd7 44. c6 bxc6 45. b6 Ke8 46. Qb8+ Qd8 47. Qe5+ Qe7 48. b7 Nd7 49. Qh5+ Kd8 50. Qxg4 c5 51. Bh4 Bf6 52. Qg8+ Kc7 53. Qc8+ Kd6 54. b8Q+ Nxb8 55. Qxb8+ Kd5 56. Qa8+ Kc4 57. Qa4+ Kd5 58. Qd1+ Kc4 59. Qa4+ Kd5 60. Qb3+ c4 61. Qf3+ Ke6 1-0